[Event "35. Potsdamer Weihnachtsturnier"]
[Site "?"]
[Date "2010.12.29"]
[Round "5.1"]
[White "Dauth, Benjamin"]
[Black "Hahn, Thomas"]
[Result "1-0"]
[WhiteElo "2329"]
[BlackElo "1843"]
[PlyCount "51"]
[EventDate "2010.??.??"]
[WhiteTeam "SC Rotation Pankow e.V."]
[BlackTeam "SC Empor Potsdam 1952 e.V."]

1. e4 d5 2. Nc3 d4 3. Nce2 e5 4. f4 Nf6 5. d3 Bb4+ 6. c3 dxc3 7. bxc3 Bd6 8.
Nf3 Nfd7 9. d4 exd4 10. e5 Be7 11. Nexd4 Nc5 12. Bc4 O-O 13. O-O Nc6 14. Nxc6
bxc6 15. Nd4 Qe8 16. Qf3 Ne6 17. f5 Ng5 18. Qg3 Ne4 19. Qe3 Ng5 20. f6 gxf6 21.
exf6 Bxf6 22. Rxf6 Qxe3+ 23. Bxe3 Ne4 24. Rxc6 Nxc3 25. Rxc7 Ne4 26. Bd5 1-0

[Event "35. Potsdamer Weihnachtsturnier"]
[Site "?"]
[Date "2010.12.29"]
[Round "5.2"]
[White "Koenig, Marco"]
[Black "Hahlbohm, Matthias"]
[Result "0-1"]
[WhiteElo "2093"]
[BlackElo "2076"]
[PlyCount "92"]
[EventDate "2010.??.??"]
[WhiteTeam "Burger SK Schwarz-Weiß"]
[BlackTeam "TSG Oberschöneweide e.V."]

1. e4 e6 2. d4 d5 3. e5 c5 4. c3 Nc6 5. Nf3 Qb6 6. a3 a5 7. b3 Bd7 8. Be2 Nh6
9. O-O Nf5 10. g4 Nh6 11. h3 Be7 12. Be3 a4 13. b4 c4 14. Ne1 Ng8 15. Ng2 Qc7
16. Nd2 b5 17. f4 O-O-O 18. f5 h5 19. Nf4 hxg4 20. fxe6 fxe6 21. Bxg4 Bg5 22.
Nxd5 Bxe3+ 23. Nxe3 Nh6 24. Ne4 Kb8 25. Nd6 Qb6 26. Qf3 g6 27. Qe4 Nf5 28. Kh2
Rh7 29. Ng2 Nce7 30. Nf4 Rdh8 31. Bxf5 gxf5 32. Qe3 Rh6 33. Rg1 Bc6 34. Rg3 Rh4
35. Nf7 Rf8 36. Ng5 Nd5 37. Nxd5 Bxd5 38. Qf2 Qc7 39. Nf3 Rh6 40. Ng1 Qh7 41.
Rf1 Rh4 42. Qe2 f4 43. Rg4 Rxg4 44. Qxg4 Rg8 45. Qe2 Qg6 46. Qf2 Qg3+ 0-1

[Event "35. Potsdamer Weihnachtsturnier"]
[Site "?"]
[Date "2010.12.29"]
[Round "5.3"]
[White "Schirrmacher, Carsten"]
[Black "Hein, Carsten"]
[Result "1/2-1/2"]
[WhiteElo "2060"]
[BlackElo "2171"]
[PlyCount "160"]
[EventDate "2010.??.??"]
[WhiteTeam "SC Zitadelle Spandau 1977 e.V."]
[BlackTeam "SC Empor Potsdam 1952 e.V."]

1. d4 d5 2. c4 e6 3. Nc3 Nf6 4. cxd5 Nxd5 5. e4 Nxc3 6. bxc3 c5 7. Nf3 cxd4 8.
cxd4 Bb4+ 9. Bd2 Qa5 10. Bxb4 Qxb4+ 11. Qd2 Nc6 12. Qxb4 Nxb4 13. Bb5+ Kf8 14.
Rb1 Nc2+ 15. Kd2 Na3 16. Rb3 Nxb5 17. Rxb5 b6 18. Rc1 Bd7 19. Rb3 Ke7 20. Ne5
Rhc8 21. Rg3 Rxc1 22. Kxc1 Rc8+ 23. Kd2 g6 24. Rh3 h5 25. g4 hxg4 26. Rh7 Be8
27. Nxg6+ Kd6 28. Ne5 f5 29. Rxa7 fxe4 30. Nxg4 Kd5 31. Re7 Kxd4 32. Rxe6 Ra8
33. Ne3 b5 34. a3 Bf7 35. Nc2+ Kd5 36. Rf6 Be6 37. Rh6 Rf8 38. Rh5+ Kc4 39.
Ne3+ Kd4 40. Nc2+ Kc4 41. Ke3 Rf3+ 42. Kxe4 Rxf2 43. Ne3+ Kb3 44. Rxb5+ Kxa3
45. h4 Rh2 46. Rh5 Bf7 47. Rh8 Kb4 48. Kf5 Kc5 49. Kf6 Ba2 50. h5 Bb1 51. Ng4
Rh1 52. Ne5 Kd6 53. Nf7+ Kd7 54. Ne5+ Kd6 55. Ng6 Bxg6 56. Kxg6 Ke7 57. Ra8
Rg1+ 58. Kh7 Kf7 59. h6 Rg2 60. Ra1 Rf2 61. Rg1 Kf8 62. Rg8+ Kf7 63. Rg4 Kf8
64. Rg7 Rf6 65. Rg2 Rf7+ 66. Kh8 Rf6 67. Rh2 Rf5 68. Ra2 Rf6 69. Ra8+ Kf7 70.
Kh7 Rf4 71. Ra6 Rf2 72. Ra7+ Kf8 73. Kg6 Rg2+ 74. Kf6 Rf2+ 75. Kg6 Rg2+ 76. Kh7
Rf2 77. Rb7 Rf7+ 78. Rxf7+ Kxf7 79. Kh8 Kf8 80. h7 Kf7 1/2-1/2

[Event "35. Potsdamer Weihnachtsturnier"]
[Site "?"]
[Date "2010.12.29"]
[Round "5.4"]
[White "Kalinitschew, Sergey"]
[Black "Von Herman, Ulf"]
[Result "1-0"]
[WhiteElo "2436"]
[BlackElo "2404"]
[PlyCount "111"]
[EventDate "2010.??.??"]
[WhiteTeam "SC Kreuzberg e.V."]
[BlackTeam "SK König Tegel 1949 e.V."]

1. Nf3 Nf6 2. c4 c5 3. Nc3 Nc6 4. g3 g6 5. d4 cxd4 6. Nxd4 d6 7. Bg2 Bd7 8. Nc2
Bg7 9. b3 O-O 10. O-O Qa5 11. Bd2 Rfc8 12. h3 Ne8 13. Nd5 Qd8 14. Rc1 Nc7 15.
e4 Rab8 16. Be3 Na6 17. Qd2 Be8 18. Rfd1 Nc5 19. f4 b6 20. Kh2 Bd7 21. Bf2 Bb2
22. Rb1 Bg7 23. Nde3 a5 24. Qe2 Qf8 25. Qe1 Qe8 26. Qd2 Rd8 27. Nd5 Bc8 28. Na3
Rd7 29. Nb5 Qd8 30. Qe2 Bb7 31. Rd2 e6 32. Ndc3 Qe7 33. Rbd1 Rbd8 34. Na4 Nxa4
35. bxa4 h5 36. Bxb6 Rb8 37. c5 e5 38. cxd6 Qf6 39. fxe5 Nxe5 40. Rf1 Qg5 41.
h4 Ng4+ 42. Kh1 Qe5 43. Rf4 Ba6 44. Rd5 Bxb5 45. axb5 Qa1+ 46. Bg1 Be5 47. Rf1
Qc3 48. Rf3 Qc8 49. Rfd3 Qc4 50. Rc5 Qe6 51. b6 Rxd6 52. Rxd6 Bxd6 53. Rc6 Qe7
54. Qd3 Rd8 55. b7 Ne5 56. Qxd6 1-0

[Event "35. Potsdamer Weihnachtsturnier"]
[Site "?"]
[Date "2010.12.29"]
[Round "5.5"]
[White "Grottke, Hans-Joachim"]
[Black "Krefenstein, Sergej"]
[Result "1-0"]
[WhiteElo "2223"]
[BlackElo "1998"]
[PlyCount "57"]
[EventDate "2010.??.??"]
[WhiteTeam "SC Empor Potsdam 1952 e.V."]
[BlackTeam "ohne Verein"]

1. e4 e5 2. Nf3 Nc6 3. Bb5 a6 4. Bxc6 dxc6 5. Nc3 Qd6 6. d4 f6 7. dxe5 fxe5 8.
Qe2 Be7 9. Bd2 Nh6 10. O-O-O Nf7 11. Kb1 Qf6 12. Ne1 Be6 13. Qe3 Nd6 14. Bc1
Nb5 15. Nxb5 axb5 16. b3 O-O 17. Nd3 Ra6 18. Bb2 Bd6 19. Qg3 Rfa8 20. Bxe5 Bxe5
21. Qxe5 Rxa2 22. Qxf6 gxf6 23. Nc5 Bg4 24. f3 Bc8 25. Na4 R2xa4 26. bxa4 bxa4
27. Rd8+ Kg7 28. Rhd1 b5 29. Re8 1-0

[Event "35. Potsdamer Weihnachtsturnier"]
[Site "?"]
[Date "2010.12.29"]
[Round "5.6"]
[White "Cusnariov, Nicolai"]
[Black "Lenz, Tobias"]
[Result "0-1"]
[WhiteElo "2167"]
[BlackElo "1955"]
[PlyCount "79"]
[EventDate "2010.??.??"]
[WhiteTeam "USV Potsdam e.V., Abt. Schach"]
[BlackTeam "BSG Pneumant Fürstenwalde e.V."]

1. e4 e6 2. d4 d5 3. Nd2 Nf6 4. e5 Nfd7 5. Bd3 c5 6. c3 Nc6 7. Ne2 Qb6 8. Nf3
Be7 9. O-O O-O 10. Qc2 f5 11. exf6 Nxf6 12. Ng5 h6 13. Nh7 Rd8 14. Nxf6+ Bxf6
15. dxc5 Qxc5 16. Ng3 e5 17. Nh5 Qf8 18. Qb3 Be7 19. Be3 Qf7 20. Ng3 Bd6 21. f3
Be6 22. Qa4 d4 23. cxd4 exd4 24. Bf2 Nb4 25. Be4 Bxa2 26. Nf5 Bc5 27. Rac1 Bb3
28. Qb5 Bf8 29. Nxd4 Bd5 30. Bxd5 Rxd5 31. Qc4 Rad8 32. Nb3 Nd3 33. Rc2 b5 34.
Qe4 Re5 35. Qc6 Qxb3 36. Bxa7 Nb4 37. Qc7 Rde8 38. Rd2 Na6 39. Qc6 Nc5 40. f4
0-1

[Event "35. Potsdamer Weihnachtsturnier"]
[Site "?"]
[Date "2010.12.29"]
[Round "5.7"]
[White "Mueller, Klaus"]
[Black "Schmidt, Joerg"]
[Result "1/2-1/2"]
[WhiteElo "2002"]
[BlackElo "2125"]
[PlyCount "42"]
[EventDate "2010.??.??"]
[WhiteTeam "SG Lok Brandenburg, Abt. Schach"]
[BlackTeam "SV Aufbau Bernburg"]

1. e4 d5 2. exd5 Qxd5 3. Nc3 Qa5 4. d4 Nf6 5. Bc4 Bg4 6. Nge2 e6 7. O-O c6 8.
Bd2 Qc7 9. f3 Bf5 10. Bf4 Bd6 11. Bxd6 Qxd6 12. Ng3 Bg6 13. Nce4 Qe7 14. Qd2
O-O 15. Nxf6+ Qxf6 16. Ne4 Qe7 17. Rae1 Nd7 18. Bb3 Rfd8 19. Qe3 h6 20. c4 Nf6
21. Nc3 Qd7 1/2-1/2

[Event "35. Potsdamer Weihnachtsturnier"]
[Site "?"]
[Date "2010.12.29"]
[Round "5.8"]
[White "Rennhack, Peer"]
[Black "Schrodt, Sebastian"]
[Result "1/2-1/2"]
[WhiteElo "1935"]
[BlackElo "2085"]
[PlyCount "109"]
[EventDate "2010.??.??"]
[WhiteTeam "Sabt Frankfurter TV 1860"]
[BlackTeam "BSV 63 Chemie Weißensee"]

1. e4 e5 2. Nf3 d6 3. d4 exd4 4. Nxd4 Nf6 5. Nc3 Be7 6. Be2 O-O 7. O-O c6 8.
Be3 Qc7 9. f4 b5 10. a3 Re8 11. Bf3 Bb7 12. Nf5 Bf8 13. Bd4 Nbd7 14. Bg4 Nxe4
15. Nxe4 Rxe4 16. Bxg7 Bxg7 17. Nxg7 Kxg7 18. Bf5 Nf6 19. Bxe4 Qb6+ 20. Kh1
Nxe4 21. Qg4+ Kh8 22. Qh4 Qd8 23. Qg4 Qg8 24. Qd7 Qg6 25. f5 Qg5 26. Rae1 Rg8
27. Re2 Qg4 28. Rf3 Ng5 29. h3 Qd4 30. Rd3 Qf4 31. Qe7 Qxf5 32. Rxd6 Nxh3 33.
Rf6 Qg5 34. Rxf7 Qxe7 35. Rexe7 Ng5 36. Rf6 Bc8 37. Rxc6 Bf5 38. Rcc7 Be4 39.
Rxa7 Bxc2 40. Kh2 Bd3 41. Rad7 Bf5 42. Rd5 Be4 43. Rxb5 Bc6 44. Rc5 Bxg2 45.
Kg1 Ne4 46. Rcc7 Bh3+ 47. Kh2 Bf5 48. b4 Nd2 49. Rc3 Nf1+ 50. Kh1 Ng3+ 51. Kh2
Nf1+ 52. Kh1 Nd2 53. Rce3 Bc8 54. b5 Nc4 55. Rc3 1/2-1/2

[Event "35. Potsdamer Weihnachtsturnier"]
[Site "?"]
[Date "2010.12.29"]
[Round "5.10"]
[White "Galkin, Wladislaw"]
[Black "Wiezer, Siegfried"]
[Result "1/2-1/2"]
[WhiteElo "1924"]
[BlackElo "2014"]
[PlyCount "53"]
[EventDate "2010.??.??"]
[WhiteTeam "SC Ladja Roßdorf"]
[BlackTeam "SV Königsjäger Süd-West e.V."]

1. d4 Nf6 2. c4 e6 3. Nc3 Bb4 4. Qc2 Nc6 5. Nf3 d5 6. Bg5 h6 7. Bh4 g5 8. Bg3
g4 9. Ne5 Nxd4 10. Qa4+ Bd7 11. Nxd7 Qxd7 12. O-O-O Qxa4 13. Nxa4 Nc6 14. Bh4
Be7 15. Bxf6 Bxf6 16. cxd5 exd5 17. Rxd5 Ke7 18. e3 Rad8 19. Rxd8 Rxd8 20. Be2
Nb4 21. a3 Nd3+ 22. Bxd3 Rxd3 23. Kc2 Rd5 24. Nc3 Rf5 25. Ne4 Be5 26. b3 b6 27.
Kd3 1/2-1/2

[Event "35. Potsdamer Weihnachtsturnier"]
[Site "?"]
[Date "2010.12.29"]
[Round "5.11"]
[White "Große, Michael"]
[Black "Cremer, Jan Paul"]
[Result "0-1"]
[WhiteElo "1901"]
[BlackElo "2003"]
[PlyCount "64"]
[EventDate "2010.??.??"]
[WhiteTeam "SC Empor Potsdam 1952 e.V."]
[BlackTeam "Schachpinguine Berlin e.V."]

1. d4 Nf6 2. Bg5 Ne4 3. Bf4 c5 4. f3 Qa5+ 5. c3 Nf6 6. Nd2 cxd4 7. Nb3 Qb6 8.
Qxd4 Qxd4 9. cxd4 Nc6 10. e4 e6 11. Ne2 d5 12. e5 Nd7 13. Nc3 a6 14. Be3 Nb6
15. Nd2 Bd7 16. a3 Rc8 17. Bd3 Na5 18. Ke2 Nbc4 19. Nxc4 Nxc4 20. Bxc4 Rxc4 21.
Rhc1 Be7 22. Kd3 O-O 23. b3 Rc6 24. Bd2 Rfc8 25. a4 f6 26. Ne2 fxe5 27. dxe5
Be8 28. Nf4 g5 29. Nxe6 Bg6+ 30. Kd4 Bc2 31. Kxd5 Bxb3+ 32. Ke4 Bxe6 0-1

[Event "35. Potsdamer Weihnachtsturnier"]
[Site "?"]
[Date "2010.12.29"]
[Round "5.12"]
[White "Peschel, Andreas"]
[Black "Scholz, Robert"]
[Result "0-1"]
[WhiteElo "2177"]
[BlackElo "1876"]
[PlyCount "70"]
[EventDate "2010.??.??"]
[WhiteTeam "SG Solingen e.V."]
[BlackTeam "USV Potsdam e.V., Abt. Schach"]

1. d4 f5 2. g3 Nf6 3. Bg2 d6 4. d5 g6 5. c4 Bg7 6. Nc3 Nbd7 7. Nh3 e5 8. dxe6
Nc5 9. Ng5 O-O 10. Nf7 Qe8 11. Nh6+ Kh8 12. Nd5 Nxe6 13. O-O Qd8 14. h4 Ne4 15.
Rb1 c6 16. Nb4 a5 17. Nd3 d5 18. cxd5 cxd5 19. Bxe4 fxe4 20. Ne1 g5 21. Ng4
gxh4 22. Ne3 d4 23. N3g2 hxg3 24. fxg3 Rxf1+ 25. Kxf1 Ng5 26. Nf4 Bf5 27. e3
Nf3 28. Qb3 Qg5 29. Kf2 Qh6 30. Qf7 Qh2+ 31. Neg2 Rf8 32. Qxb7 Qg1+ 33. Ke2 d3+
34. Nxd3 exd3+ 35. Kxf3 Bc8+ 0-1

[Event "35. Potsdamer Weihnachtsturnier"]
[Site "?"]
[Date "2010.12.29"]
[Round "5.13"]
[White "Schwarz, Oliver"]
[Black "Rietze, Clemens"]
[Result "0-1"]
[WhiteElo "1860"]
[BlackElo "2235"]
[PlyCount "34"]
[EventDate "2010.??.??"]
[WhiteTeam "SV Königsjäger Süd-West e.V."]
[BlackTeam "USV Potsdam e.V., Abt. Schach"]

1. e4 c5 2. Nc3 Nc6 3. Bb5 Nd4 4. Bc4 g6 5. Nge2 Bg7 6. Nxd4 cxd4 7. Qf3 Nh6 8.
Ne2 O-O 9. d3 d6 10. h3 Be6 11. b3 b5 12. Bd5 Rc8 13. Bxh6 Bxh6 14. Nxd4 Qa5+
15. Ke2 Qd2+ 16. Kf1 Qc3 17. Nc6 Rxc6 0-1

[Event "35. Potsdamer Weihnachtsturnier"]
[Site "?"]
[Date "2010.12.29"]
[Round "5.14"]
[White "Schaefer, Heiko"]
[Black "Werthmann, Nils"]
[Result "1-0"]
[WhiteElo "2124"]
[BlackElo "1746"]
[PlyCount "65"]
[EventDate "2010.??.??"]
[WhiteTeam "Potsdamer SV Mitte e.V."]
[BlackTeam "USV Potsdam e.V., Abt. Schach"]

1. d4 Nf6 2. Nf3 d5 3. e3 c6 4. c4 e6 5. Nc3 Nbd7 6. Qc2 Be7 7. Be2 dxc4 8.
Bxc4 O-O 9. O-O a6 10. a4 b6 11. e4 Bb7 12. Rd1 b5 13. Bd3 h6 14. e5 Nd5 15.
Nxd5 exd5 16. Be3 Re8 17. Nd2 Rc8 18. Bf5 Rc7 19. e6 Nf6 20. exf7+ Kxf7 21.
Bg6+ Kf8 22. Bxe8 Qxe8 23. axb5 axb5 24. Ra7 Qh5 25. Bf4 Rd7 26. Re1 Bb4 27.
Re3 Rf7 28. Nf1 Ng4 29. Rh3 Qf5 30. Qxf5 Rxf5 31. Rf3 Bc8 32. h3 Nf6 33. Ra8
1-0

[Event "35. Potsdamer Weihnachtsturnier"]
[Site "?"]
[Date "2010.12.29"]
[Round "5.15"]
[White "Bauer, Norbert"]
[Black "Boettcher, Frank"]
[Result "1-0"]
[WhiteElo "2082"]
[BlackElo "1912"]
[PlyCount "79"]
[EventDate "2010.??.??"]
[WhiteTeam "SAV Torgelow"]
[BlackTeam "USV Potsdam e.V., Abt. Schach"]

1. d4 Nf6 2. c4 e5 3. dxe5 Ng4 4. e6 fxe6 5. e4 Ne5 6. Qh5+ Ng6 7. Nf3 Bb4+ 8.
Nc3 Qf6 9. Bd2 Nc6 10. a3 Bxc3 11. Bxc3 e5 12. Qf5 d6 13. Qxf6 gxf6 14. h4 f5
15. h5 Nf4 16. g3 Ne6 17. exf5 Nc5 18. g4 Rg8 19. Rg1 e4 20. Nh4 Ne5 21. Bxe5
dxe5 22. Rg3 a5 23. g5 Kf7 24. h6 Ra6 25. Be2 Nd3+ 26. Bxd3 exd3 27. Kd2 e4 28.
Rag1 Rb6 29. g6+ Kf6 30. gxh7 Rxb2+ 31. Kc3 Rc2+ 32. Kb3 Rh8 33. Rg8 Rxh7 34.
Rxc8 Rxf2 35. Re8 Rf4 36. Rg6+ Kf7 37. Rc8 a4+ 38. Kc3 Rxh4 39. Rxc7+ Kf8 40.
Rxh7 1-0

[Event "35. Potsdamer Weihnachtsturnier"]
[Site "?"]
[Date "2010.12.29"]
[Round "5.16"]
[White "Pueschel, Werner"]
[Black "Muehlhan, Klaus"]
[Result "1-0"]
[WhiteElo "2173"]
[BlackElo "1971"]
[PlyCount "101"]
[EventDate "2010.??.??"]
[WhiteTeam "SG Lasker Steglitz-Wilmersdorf"]
[BlackTeam "SC Empor Potsdam 1952 e.V."]

1. c3 Nf6 2. d3 d5 3. Nd2 e5 4. Qc2 Bc5 5. h3 Bf5 6. e4 dxe4 7. dxe4 Be6 8.
Ngf3 Nfd7 9. Nc4 Nc6 10. b4 Bxc4 11. Bxc4 Bb6 12. a4 a5 13. b5 Ne7 14. Ba3 Ng6
15. Rd1 Qf6 16. O-O O-O-O 17. Bc1 Nf4 18. Bxf4 Qxf4 19. Rd5 g5 20. Qe2 h5 21.
Qd2 g4 22. Qxf4 exf4 23. Ng5 Rdf8 24. Kh2 f6 25. Ne6 Re8 26. Nxf4 Rxe4 27. Ng6
Rhe8 28. Bd3 c6 29. bxc6 bxc6 30. Rxh5 Re1 31. Rxe1 Rxe1 32. Bf5 Kd8 33. Rh8+
Re8 34. Rxe8+ Kxe8 35. Bxd7+ Kxd7 36. Kg3 gxh3 37. gxh3 Ke6 38. Kf3 Bc5 39.
Nf4+ Kf5 40. Nd3 Bd6 41. c4 Kg5 42. Ke4 f5+ 43. Kd4 Kh4 44. c5 Bh2 45. Ne5 Kxh3
46. Nxc6 Kg2 47. Ne5 Bg1 48. Nd3 Bh2 49. f4 Bg1+ 50. Ke5 Kf3 51. c6 1-0

[Event "35. Potsdamer Weihnachtsturnier"]
[Site "?"]
[Date "2010.12.29"]
[Round "5.17"]
[White "Scheide, Helmut"]
[Black "Brandt, Fred"]
[Result "1-0"]
[WhiteElo "1965"]
[BlackElo "1911"]
[PlyCount "41"]
[EventDate "2010.??.??"]
[WhiteTeam "USV Potsdam e.V., Abt. Schach"]
[BlackTeam "SV Königsjäger Süd-West e.V."]

1. d4 Nf6 2. c4 e6 3. Nc3 d5 4. Nf3 c6 5. e3 Bd6 6. Bd3 Nbd7 7. e4 dxe4 8. Nxe4
Nxe4 9. Bxe4 Bb4+ 10. Bd2 Bxd2+ 11. Qxd2 Nf6 12. Bc2 O-O 13. O-O Qc7 14. Rac1
Rd8 15. Qg5 b6 16. Rfd1 Bb7 17. Ne5 c5 18. dxc5 Qxc5 19. a3 Be4 20. Bxe4 Nxe4
21. Rxd8+ 1-0

[Event "35. Potsdamer Weihnachtsturnier"]
[Site "?"]
[Date "2010.12.29"]
[Round "5.18"]
[White "Segerberg, Tomas"]
[Black "Reich, Christian"]
[Result "1-0"]
[WhiteElo "1954"]
[BlackElo "1590"]
[PlyCount "57"]
[EventDate "2010.??.??"]
[WhiteTeam "SG Narva Berlin e.V."]
[BlackTeam "SC Straubing"]

1. c4 e5 2. Nc3 c5 3. e3 Nc6 4. Nge2 Nf6 5. g3 d5 6. cxd5 Nxd5 7. Bg2 Be6 8.
O-O Be7 9. d4 exd4 10. exd4 O-O 11. dxc5 Nxc3 12. Nxc3 Bxc5 13. Qa4 Rc8 14. Ne4
Bb6 15. Rd1 Qe7 16. Bg5 f6 17. Bf4 Rfd8 18. Nd6 Rc7 19. Nxb7 Rxd1+ 20. Rxd1 Ne5
21. Bxe5 fxe5 22. Rd8+ Kf7 23. Nd6+ Kg6 24. Be4+ Kh6 25. Qe8 Qxd8 26. Qxe6+ g6
27. Nf5+ Kg5 28. h4+ Kg4 29. Ng7# 1-0

[Event "35. Potsdamer Weihnachtsturnier"]
[Site "?"]
[Date "2010.12.29"]
[Round "5.19"]
[White "Bauer, Mirko"]
[Black "Bachran, Boris"]
[Result "1-0"]
[WhiteElo "1691"]
[BlackElo "1944"]
[PlyCount "113"]
[EventDate "2010.??.??"]
[WhiteTeam "SAV Torgelow"]
[BlackTeam "SG Lok Brandenburg, Abt. Schach"]

1. d4 d5 2. c4 e6 3. cxd5 exd5 4. Nc3 Nf6 5. Bg5 c6 6. e3 h6 7. Bh4 Be7 8. Bd3
Qb6 9. Qc2 Be6 10. Nf3 Nbd7 11. O-O O-O 12. Rab1 Rfe8 13. b4 Bd6 14. Rfc1 a6
15. Na4 Qc7 16. Nc5 Bg4 17. Bg3 Bxg3 18. hxg3 Bxf3 19. gxf3 Nf8 20. a4 Ne6 21.
Nxe6 Rxe6 22. b5 axb5 23. axb5 Rb8 24. bxc6 Rxc6 25. Rxb7 Rxc2 26. Rxc7 Rxc1+
27. Rxc1 g6 28. Rc5 Rd8 29. Kg2 Kg7 30. g4 h5 31. Kg3 hxg4 32. fxg4 Rd7 33. Kf4
Rd6 34. g5 Nd7 35. Rc7 Nf8 36. Rb7 Rd8 37. Ke5 Ne6 38. f4 Nf8 39. Bb5 Ne6 40.
Bc6 Rc8 41. Bxd5 Re8 42. Bc6 Nd8+ 43. Bxe8 Nxb7 44. d5 Kf8 45. Bc6 Nc5 46. d6
Ne6 47. Kf6 Nd8 48. Bb5 Ne6 49. Bc4 Nd8 50. d7 Nc6 51. Bd5 Nd8 52. e4 Kg8 53.
Ke7 Kg7 54. Kxd8 f5 55. Ke7 fxe4 56. d8=Q e3 57. Qg8# 1-0

[Event "35. Potsdamer Weihnachtsturnier"]
[Site "?"]
[Date "2010.12.29"]
[Round "5.20"]
[White "Kostré, Margarita"]
[Black "Witt, Ronald"]
[Result "0-1"]
[WhiteElo "1805"]
[BlackElo "2099"]
[PlyCount "112"]
[EventDate "2010.??.??"]
[WhiteTeam "Schachpinguine Berlin e.V."]
[BlackTeam "Schachfreunde Zehdenick 76 e.V."]

1. e4 c6 2. d4 d5 3. Nc3 dxe4 4. Nxe4 Bf5 5. Ng3 Bg6 6. Nf3 Nd7 7. h4 h6 8. h5
Bh7 9. Bd3 Bxd3 10. Qxd3 Qc7 11. Bd2 e6 12. O-O-O O-O-O 13. Ne4 Ngf6 14. g3
Nxe4 15. Qxe4 Bd6 16. c4 Nf6 17. Qc2 c5 18. b4 cxd4 19. Nxd4 a6 20. f4 Rd7 21.
Nf3 Qc6 22. Nd4 Qe4 23. Qb2 e5 24. Rhe1 Qxd4 25. fxe5 Qxb2+ 26. Kxb2 Nxh5 27.
exd6 Rxd6 28. Bc3 Rxd1 29. Rxd1 Rd8 30. Rh1 Nxg3 31. Rg1 Nf5 32. Bxg7 Rg8 33.
Bd4 Rxg1 34. Bxg1 Kd7 35. Bh2 h5 36. Kc3 h4 37. Kd2 Ng3 38. Ke1 b5 39. Bxg3
hxg3 40. c5 f5 41. Ke2 f4 42. Kf3 Kc6 43. Kg2 Kd5 44. Kf3 a5 45. a3 a4 46. Kg2
Ke5 47. Kf3 Kf5 48. Ke2 g2 49. Kf2 f3 50. Kg1 Kf4 51. Kf2 Kf5 52. Kg1 Kg4 53.
Kh2 Kf4 54. c6 Ke3 55. c7 Kf2 56. Kh3 g1=Q 0-1

[Event "35. Potsdamer Weihnachtsturnier"]
[Site "?"]
[Date "2010.12.29"]
[Round "5.21"]
[White "Schlueter, Bernd"]
[Black "Stegmann, Jens"]
[Result "1-0"]
[WhiteElo "2004"]
[BlackElo "1839"]
[PlyCount "73"]
[EventDate "2010.??.??"]
[WhiteTeam "SV Rochade Potsdam-West e.V."]
[BlackTeam "SC Zugzwang 95 e.V."]

1. d4 Nf6 2. Nf3 g6 3. c4 Bg7 4. Nc3 O-O 5. e4 d6 6. Be2 Nbd7 7. O-O e5 8. d5
a5 9. Qc2 h6 10. Ne1 Ne8 11. Be3 b6 12. f3 Nc5 13. Rb1 f5 14. a3 f4 15. Bf2 g5
16. b4 axb4 17. axb4 Nd7 18. Nb5 Rf7 19. Nd3 Bf8 20. Ra1 Rxa1 21. Rxa1 Ndf6 22.
Ra8 Qd7 23. Qa4 g4 24. Qa7 Rg7 25. Qb8 gxf3 26. Bxf3 Bb7 27. Qxb7 Qh3 28. Kh1
Rxg2 29. Bxg2 Qxd3 30. Rxe8 Qd1+ 31. Bg1 Nxe8 32. Qc8 Nf6 33. Qh3 Be7 34. Nxc7
b5 35. cxb5 Bd8 36. b6 Ne8 37. Qe6+ 1-0

[Event "35. Potsdamer Weihnachtsturnier"]
[Site "?"]
[Date "2010.12.29"]
[Round "5.22"]
[White "Kuckel, Andreas"]
[Black "Kliem, Helmut"]
[Result "1-0"]
[WhiteElo "1985"]
[BlackElo "1799"]
[PlyCount "113"]
[EventDate "2010.??.??"]
[WhiteTeam "SV Motor Wildau e.V."]
[BlackTeam "SV Königsjäger Süd-West e.V."]

1. d4 Nf6 2. c4 e6 3. Nf3 b6 4. g3 Bb7 5. Bg2 Bb4+ 6. Nbd2 O-O 7. O-O d5 8. Ne5
Nbd7 9. Nd3 Be7 10. b3 Qc8 11. cxd5 Nxd5 12. e4 N5f6 13. Bb2 Rd8 14. Rc1 Nf8
15. Qc2 c6 16. Rfd1 Ng6 17. Nf1 Qd7 18. Ne5 Qe8 19. Nxc6 Rac8 20. Nxe7+ Qxe7
21. Qe2 Qb4 22. Nd2 Ne7 23. a3 Qa5 24. Bf1 Qg5 25. h4 Qg6 26. Bg2 Nc6 27. Nc4
Qh6 28. e5 Nd5 29. Nd6 Rxd6 30. exd6 Rd8 31. Bxd5 exd5 32. Re1 g5 33. d7 gxh4
34. Qg4+ Kf8 35. a4 Qg6 36. Ba3+ Kg7 37. Qxg6+ Kxg6 38. gxh4 Rxd7 39. Rcd1 Kh5
40. Kg2 f5 41. Kf3 Rg7 42. Bc1 Rg4 43. Be3 Na5 44. Rc1 Rg7 45. Rc3 Nc6 46. Rec1
Rg6 47. b4 h6 48. b5 Na5 49. Rc7 a6 50. Rh7 axb5 51. axb5 f4 52. Kxf4 Rg4+ 53.
Kf5 Rg6 54. Rcc7 Ba8 55. Ra7 Nc4 56. Rxa8 Nd6+ 57. Ke5 1-0

[Event "35. Potsdamer Weihnachtsturnier"]
[Site "?"]
[Date "2010.12.29"]
[Round "5.23"]
[White "Sicora, Carsten"]
[Black "Schroeder, Detlef"]
[Result "1-0"]
[WhiteElo "1981"]
[BlackElo "1771"]
[PlyCount "33"]
[EventDate "2010.??.??"]
[WhiteTeam "ohne Verein"]
[BlackTeam "SV Motor Wildau e.V."]

1. e4 c5 2. c3 d5 3. exd5 Qxd5 4. d4 Nf6 5. Nf3 cxd4 6. cxd4 Nc6 7. Nc3 Qd8 8.
d5 Nb8 9. Bb5+ Bd7 10. O-O Qa5 11. Qe2 Bxb5 12. Nxb5 Qd8 13. d6 Na6 14. Bg5 Nd7
15. dxe7 Bxe7 16. Nd6+ Kf8 17. Nxb7 1-0

[Event "35. Potsdamer Weihnachtsturnier"]
[Site "?"]
[Date "2010.12.29"]
[Round "5.25"]
[White "Richter, Hans-Peter"]
[Black "Schellknecht, Joerg"]
[Result "1-0"]
[WhiteElo "1946"]
[BlackElo "1765"]
[PlyCount "97"]
[EventDate "2010.??.??"]
[WhiteTeam "SC Empor Potsdam 1952 e.V."]
[BlackTeam "SC Caissa Falkensee e.V."]

1. e4 c5 2. Nf3 d6 3. d4 cxd4 4. Nxd4 Nf6 5. Nc3 a6 6. Be2 e6 7. O-O Be7 8. Bf3
Nbd7 9. Nce2 Ne5 10. Ng3 b5 11. Be2 Bb7 12. f4 Nc6 13. c4 Nxd4 14. Qxd4 bxc4
15. Qxc4 Qb6+ 16. Kh1 O-O 17. Qd3 d5 18. exd5 Bxd5 19. Bf3 Rfd8 20. Qe2 Rac8
21. Bxd5 Rxd5 22. f5 Rc6 23. Be3 Qb5 24. Qxb5 axb5 25. Rac1 Rxc1 26. Rxc1 Ng4
27. Bg1 exf5 28. Rc8+ Bf8 29. h3 Nf6 30. b4 Nd7 31. Rd8 Nf6 32. Rc8 g6 33. Bc5
Nd7 34. Rd8 Rxc5 35. bxc5 Nxc5 36. Rb8 b4 37. Rxb4 Kg7 38. Rc4 h5 39. Kg1 Nd3
40. Kf1 Ne5 41. Rc8 Bd6 42. Ne2 Kf6 43. Nd4 Ke7 44. Rc3 Kd7 45. Ke2 Bb4 46. Rb3
Bc5 47. Nf3 f6 48. Nxe5+ fxe5 49. Rg3 1-0

[Event "35. Potsdamer Weihnachtsturnier"]
[Site "?"]
[Date "2010.12.29"]
[Round "5.26"]
[White "Toth, Hans-Juergen"]
[Black "Rosenau, Sven"]
[Result "0-1"]
[WhiteElo "1647"]
[BlackElo "1945"]
[PlyCount "118"]
[EventDate "2010.??.??"]
[WhiteTeam "SF Zehdenick 76 e.V."]
[BlackTeam "SC Iffezheim"]

1. f4 Nf6 2. Nf3 d5 3. e3 c6 4. Be2 Nbd7 5. O-O Qc7 6. b3 e6 7. Bb2 Bc5 8. Ne5
Be7 9. c4 O-O 10. Rf3 Ne8 11. Rg3 f6 12. Ng4 e5 13. Nh6+ Kh8 14. Nf5 Rf7 15.
Bh5 g6 16. Nxe7 Rxe7 17. Bxg6 hxg6 18. Rxg6 Ng7 19. Qg4 Kg8 20. Qh4 Re6 21. Qh6
Nf8 22. Rxf6 Rxf6 23. Qxf6 exf4 24. exf4 dxc4 25. Qxg7+ Qxg7 26. Bxg7 Kxg7 27.
Nc3 cxb3 28. axb3 Bf5 29. Kf2 Ne6 30. g3 Nc5 31. Ra3 a5 32. d4 Nd3+ 33. Ke3 Nb4
34. Kd2 b6 35. Na4 Nd5 36. Nc3 Rh8 37. h4 Nc7 38. b4 axb4 39. Ra7 bxc3+ 40.
Kxc3 Rc8 41. d5 cxd5 42. Kd4 Kf6 43. Rb7 Nb5+ 44. Ke3 Rc6 45. h5 Nd6 46. Rb8
Rc3+ 47. Ke2 Rxg3 48. Rxb6 Ke6 49. Rb8 Rh3 50. Rh8 Rxh5 51. Rxh5 Bg4+ 52. Ke3
Bxh5 53. Kd4 Nf5+ 54. Kd3 Bf3 55. Kd2 d4 56. Ke1 Kd5 57. Kd2 Ke4 58. Kc2 Ke3
59. Kc1 d3 0-1